<?xml version="1.0" encoding="UTF-8"?>
<record
    xmlns:xsi="http://www.w3.org/2001/XMLSchema-instance"
    xsi:schemaLocation="http://www.loc.gov/MARC21/slim http://www.loc.gov/standards/marcxml/schema/MARC21slim.xsd"
    xmlns="http://www.loc.gov/MARC21/slim">

  <leader>00607nam a2200241 a 4500</leader>
  <controlfield tag="001">157507</controlfield>
  <controlfield tag="003">OSt</controlfield>
  <controlfield tag="005">20251211145447.0</controlfield>
  <controlfield tag="008">200513                ###          ENG  </controlfield>
  <datafield tag="020" ind1=" " ind2=" ">
    <subfield code="a">9789332550070</subfield>
  </datafield>
  <datafield tag="082" ind1=" " ind2=" ">
    <subfield code="a">512.5</subfield>
    <subfield code="b">H67L</subfield>
  </datafield>
  <datafield tag="100" ind1=" " ind2=" ">
    <subfield code="a">Hoffman, Kenneth</subfield>
  </datafield>
  <datafield tag="245" ind1=" " ind2=" ">
    <subfield code="a">Linear algebra</subfield>
    <subfield code="c">by Kenneth Hoffman and Ray Kunze</subfield>
  </datafield>
  <datafield tag="250" ind1=" " ind2=" ">
    <subfield code="a">2nd ed.</subfield>
  </datafield>
  <datafield tag="260" ind1=" " ind2=" ">
    <subfield code="a">Noida, U.P.</subfield>
    <subfield code="b">Pearson</subfield>
    <subfield code="c">2018, 2021</subfield>
  </datafield>
  <datafield tag="300" ind1=" " ind2=" ">
    <subfield code="a">viii, 407p.</subfield>
    <subfield code="b">Paperback</subfield>
  </datafield>
  <datafield tag="546" ind1=" " ind2=" ">
    <subfield code="a">English</subfield>
  </datafield>
  <datafield tag="650" ind1=" " ind2=" ">
    <subfield code="a">Algebras, Linear</subfield>
  </datafield>
  <datafield tag="650" ind1=" " ind2=" ">
    <subfield code="a">Mathematics</subfield>
  </datafield>
  <datafield tag="650" ind1=" " ind2=" ">
    <subfield code="a">Linear algebra</subfield>
  </datafield>
  <datafield tag="700" ind1=" " ind2=" ">
    <subfield code="a">Kunze, Ray</subfield>
  </datafield>
  <datafield tag="942" ind1=" " ind2=" ">
    <subfield code="2">ddc</subfield>
    <subfield code="c">BK</subfield>
  </datafield>
  <datafield tag="999" ind1=" " ind2=" ">
    <subfield code="c">19863</subfield>
    <subfield code="d">19863</subfield>
  </datafield>
  <datafield tag="952" ind1=" " ind2=" ">
    <subfield code="0">0</subfield>
    <subfield code="1">0</subfield>
    <subfield code="2">ddc</subfield>
    <subfield code="4">0</subfield>
    <subfield code="7">0</subfield>
    <subfield code="8">TXB</subfield>
    <subfield code="a">CURAJ</subfield>
    <subfield code="b">CURAJ</subfield>
    <subfield code="d">2020-05-13</subfield>
    <subfield code="e">MTH(P)</subfield>
    <subfield code="o">512.5 H67L</subfield>
    <subfield code="p">33265</subfield>
    <subfield code="q">2020-09-01</subfield>
    <subfield code="r">2020-09-02</subfield>
    <subfield code="w">2020-09-02</subfield>
    <subfield code="y">BK</subfield>
  </datafield>
  <datafield tag="952" ind1=" " ind2=" ">
    <subfield code="0">0</subfield>
    <subfield code="1">0</subfield>
    <subfield code="2">ddc</subfield>
    <subfield code="4">0</subfield>
    <subfield code="7">0</subfield>
    <subfield code="8">TXB</subfield>
    <subfield code="a">CURAJ</subfield>
    <subfield code="b">CURAJ</subfield>
    <subfield code="c">MTH</subfield>
    <subfield code="d">2021-02-24</subfield>
    <subfield code="e">Indica Publisher </subfield>
    <subfield code="g">429.00</subfield>
    <subfield code="i">2020-21/0941/29-01-2021</subfield>
    <subfield code="l">41</subfield>
    <subfield code="o">512.5 H67L</subfield>
    <subfield code="p">35417</subfield>
    <subfield code="r">2026-06-04</subfield>
    <subfield code="s">2026-05-18</subfield>
    <subfield code="w">2021-02-24</subfield>
    <subfield code="y">BK</subfield>
  </datafield>
  <datafield tag="952" ind1=" " ind2=" ">
    <subfield code="0">0</subfield>
    <subfield code="1">0</subfield>
    <subfield code="2">ddc</subfield>
    <subfield code="4">0</subfield>
    <subfield code="7">0</subfield>
    <subfield code="8">TXB</subfield>
    <subfield code="a">CURAJ</subfield>
    <subfield code="b">CURAJ</subfield>
    <subfield code="c">MTH</subfield>
    <subfield code="d">2021-02-24</subfield>
    <subfield code="e">Indica Publisher </subfield>
    <subfield code="g">429.00</subfield>
    <subfield code="i">2020-21/0941/29-01-2021</subfield>
    <subfield code="l">30</subfield>
    <subfield code="o">512.5 H67L</subfield>
    <subfield code="p">35418</subfield>
    <subfield code="r">2025-12-19</subfield>
    <subfield code="s">2025-12-04</subfield>
    <subfield code="w">2021-02-24</subfield>
    <subfield code="y">BK</subfield>
  </datafield>
  <datafield tag="952" ind1=" " ind2=" ">
    <subfield code="0">0</subfield>
    <subfield code="1">0</subfield>
    <subfield code="2">ddc</subfield>
    <subfield code="4">0</subfield>
    <subfield code="7">0</subfield>
    <subfield code="8">TXB</subfield>
    <subfield code="a">CURAJ</subfield>
    <subfield code="b">CURAJ</subfield>
    <subfield code="c">MTH</subfield>
    <subfield code="d">2021-02-24</subfield>
    <subfield code="e">Indica Publisher </subfield>
    <subfield code="g">429.00</subfield>
    <subfield code="i">2020-21/0941/29-01-2021</subfield>
    <subfield code="l">30</subfield>
    <subfield code="o">512.5 H67L</subfield>
    <subfield code="p">35419</subfield>
    <subfield code="r">2025-12-19</subfield>
    <subfield code="s">2025-11-25</subfield>
    <subfield code="w">2021-02-24</subfield>
    <subfield code="y">BK</subfield>
  </datafield>
  <datafield tag="952" ind1=" " ind2=" ">
    <subfield code="0">0</subfield>
    <subfield code="1">0</subfield>
    <subfield code="2">ddc</subfield>
    <subfield code="4">0</subfield>
    <subfield code="7">0</subfield>
    <subfield code="8">TXB</subfield>
    <subfield code="a">CURAJ</subfield>
    <subfield code="b">CURAJ</subfield>
    <subfield code="c">MTH</subfield>
    <subfield code="d">2021-02-24</subfield>
    <subfield code="e">Indica Publisher </subfield>
    <subfield code="g">429.00</subfield>
    <subfield code="i">2020-21/0941/29-01-2021</subfield>
    <subfield code="l">33</subfield>
    <subfield code="o">512.5 H67L</subfield>
    <subfield code="p">35420</subfield>
    <subfield code="r">2025-12-23</subfield>
    <subfield code="s">2025-12-12</subfield>
    <subfield code="w">2021-02-24</subfield>
    <subfield code="y">BK</subfield>
  </datafield>
  <datafield tag="952" ind1=" " ind2=" ">
    <subfield code="0">0</subfield>
    <subfield code="1">0</subfield>
    <subfield code="2">ddc</subfield>
    <subfield code="4">0</subfield>
    <subfield code="7">0</subfield>
    <subfield code="8">TXB</subfield>
    <subfield code="a">CURAJ</subfield>
    <subfield code="b">CURAJ</subfield>
    <subfield code="c">MTH</subfield>
    <subfield code="d">2021-02-24</subfield>
    <subfield code="e">Indica Publisher </subfield>
    <subfield code="g">429.00</subfield>
    <subfield code="i">2020-21/0941/29-01-2021</subfield>
    <subfield code="o">512.5 H67L</subfield>
    <subfield code="p">35421</subfield>
    <subfield code="r">2021-02-24</subfield>
    <subfield code="w">2021-02-24</subfield>
    <subfield code="y">BK</subfield>
  </datafield>
  <datafield tag="952" ind1=" " ind2=" ">
    <subfield code="0">0</subfield>
    <subfield code="1">0</subfield>
    <subfield code="2">ddc</subfield>
    <subfield code="4">0</subfield>
    <subfield code="7">0</subfield>
    <subfield code="8">TXB</subfield>
    <subfield code="a">CURAJ</subfield>
    <subfield code="b">CURAJ</subfield>
    <subfield code="d">2021-03-04</subfield>
    <subfield code="e">DSA</subfield>
    <subfield code="l">29</subfield>
    <subfield code="o">512.5 H67L</subfield>
    <subfield code="p">34953</subfield>
    <subfield code="r">2025-12-19</subfield>
    <subfield code="s">2025-12-04</subfield>
    <subfield code="w">2021-03-04</subfield>
    <subfield code="y">BK</subfield>
  </datafield>
  <datafield tag="952" ind1=" " ind2=" ">
    <subfield code="0">0</subfield>
    <subfield code="1">0</subfield>
    <subfield code="2">ddc</subfield>
    <subfield code="4">0</subfield>
    <subfield code="7">0</subfield>
    <subfield code="8">TXB</subfield>
    <subfield code="a">CURAJ</subfield>
    <subfield code="b">CURAJ</subfield>
    <subfield code="d">2021-03-05</subfield>
    <subfield code="e">DSA</subfield>
    <subfield code="l">5</subfield>
    <subfield code="o">512.5 H67L</subfield>
    <subfield code="p">34954</subfield>
    <subfield code="r">2023-03-13</subfield>
    <subfield code="s">2023-03-13</subfield>
    <subfield code="w">2021-03-05</subfield>
    <subfield code="y">BK</subfield>
  </datafield>
  <datafield tag="952" ind1=" " ind2=" ">
    <subfield code="0">0</subfield>
    <subfield code="1">0</subfield>
    <subfield code="2">ddc</subfield>
    <subfield code="4">0</subfield>
    <subfield code="7">0</subfield>
    <subfield code="8">TXB</subfield>
    <subfield code="a">CURAJ</subfield>
    <subfield code="b">CURAJ</subfield>
    <subfield code="d">2021-03-05</subfield>
    <subfield code="e">DSA</subfield>
    <subfield code="l">31</subfield>
    <subfield code="o">512.5 H67L</subfield>
    <subfield code="p">34955</subfield>
    <subfield code="r">2025-12-24</subfield>
    <subfield code="s">2025-12-12</subfield>
    <subfield code="w">2021-03-05</subfield>
    <subfield code="y">BK</subfield>
  </datafield>
  <datafield tag="952" ind1=" " ind2=" ">
    <subfield code="0">0</subfield>
    <subfield code="1">0</subfield>
    <subfield code="2">ddc</subfield>
    <subfield code="4">0</subfield>
    <subfield code="7">0</subfield>
    <subfield code="8">TXB</subfield>
    <subfield code="a">CURAJ</subfield>
    <subfield code="b">CURAJ</subfield>
    <subfield code="d">2021-03-05</subfield>
    <subfield code="e">DSA</subfield>
    <subfield code="l">34</subfield>
    <subfield code="o">512.5 H67L</subfield>
    <subfield code="p">34956</subfield>
    <subfield code="r">2025-12-19</subfield>
    <subfield code="s">2025-12-08</subfield>
    <subfield code="w">2021-03-05</subfield>
    <subfield code="y">BK</subfield>
  </datafield>
  <datafield tag="952" ind1=" " ind2=" ">
    <subfield code="0">0</subfield>
    <subfield code="1">0</subfield>
    <subfield code="2">ddc</subfield>
    <subfield code="4">0</subfield>
    <subfield code="5">1</subfield>
    <subfield code="7">1</subfield>
    <subfield code="8">RTB</subfield>
    <subfield code="a">CURAJ</subfield>
    <subfield code="b">CURAJ</subfield>
    <subfield code="d">2021-03-05</subfield>
    <subfield code="e">DSA</subfield>
    <subfield code="o">512.5 H67L</subfield>
    <subfield code="p">34957</subfield>
    <subfield code="r">2022-09-16</subfield>
    <subfield code="w">2021-03-05</subfield>
    <subfield code="y">BK</subfield>
  </datafield>
</record>
